000 00599nam a2200241Ia 4500
001 16181
003 GE_BSU
008 181216s||||||||xx |||||||||||||| ||und||
020 _a9781780980164
040 _cGE_BSU
080 _a811.111+62
100 _aLloyd,Charles. Frazier,James
245 _aEngineering: Book1.Book2.Book3
260 _aNewbury
260 _bExpress Publishing
260 _c2011
300 _a127p.ill.30cm.
541 _h27Gel.43T
653 _aEngineering
653 _aინგლისური ენა
653 _aსაინჟინრო
942 _cBK
999 _c49266
_d49266